000
00238nam a22000857a 4500
008
161206b xxu||||| |||| 00| 0 eng d
100
_9
1823
_a
Mittal. R. S
245
_a
New course science: physics -3
260
_a
New delhi
_b
Arya publication
_c
2007
999
_c
4563
_d
4563